[Event "Preferente Grupo I"]
[Site ""]
[Date "2011.02.26"]
[Round "4.50"]
[White "Najera de Miguel Pedro"]
[Black "Alonso Blasco Jose Miguel"]
[Result "1-0"]
[WhiteElo "2020"]
[BlackElo "2130"]

1.c4 Nf6 2.g3 e6 3.Bg2 d5 4.Nf3 dxc4 5.O-O Nbd7 6.Na3 Bxa3 7.bxa3 O-O 8.Bb2
Qe7 9.Qc2 Nb6 10.Ng5 e5 11.f4 e4 12.Nxe4 Nxe4 13.Bxe4 f5 14.Bf3 c6 15.Rfe1 Qf7
16.a4 a5 17.Rab1 Nd5 18.Ba3 Rd8 19.Qxc4 Nb4 20.Qc3 Qd7 21.d3 Nxa2 22.Qc4+ Qf7
23.Qc5 Nb4 24.Bxb4 axb4 25.Rxb4 Qf8 26.Rc1 Qxc5+ 27.Rxc5 Kf7 28.Kf2 Ra7 29.h3
g6 30.g4 Be6 31.Rc3 Rda8 32.e4 Kf6 33.gxf5 gxf5 34.e5+ Kf7 35.Rc1 Bc8 36.Ra1
Ra6 37.Ke3 Kf8 38.Kd4 Ra5 39.Kc3 R8a7 40.d4 Be6 41.Be2 Bd5 42.Bc4 b5 43.Bxd5
cxd5 44.Kb3 Kf7 45.Rc1 bxa4+ 46.Ka3 Kg6 47.Rb6+ Kh5 48.Rc5 Kh4 49.Rd6 Kxh3 50.
Rcxd5 Rxd5 51.Rxd5 Kg4 52.e6 Re7 53.Re5 Kxf4 54.Kxa4 h5 55.Re1 Kg3 56.d5 Kf2
57.Re5 f4 58.d6 Ra7+ 59.Kb5 1-0

[Event "Preferente Grupo I"]
[Site ""]
[Date "2011.02.26"]
[Round "4.51"]
[White "Mombiela de Sus Jose Luis"]
[Black "Cebollada Pacheco Jesus Raul"]
[Result "0-1"]
[WhiteElo "2018"]
[BlackElo "1999"]

1.f4 e5 2.fxe5 d6 3.exd6 Bxd6 4.Nf3 g5 5.g3 g4 6.Nh4 Ne7 7.d4 Ng6 8.Nxg6 hxg6
9.Qd3 Nc6 10.c3 Qe7 11.e4 Bf5 12.Bg2 O-O-O 13.Be3 Rde8 14.exf5 Qxe3+ 15.Qxe3
Rxe3+ 16.Kd2 Rhe8 17.Bxc6 bxc6 18.fxg6 fxg6 19.Kc2 Re2+ 20.Nd2 Rh8 21.Rae1
Rxe1 22.Rxe1 Rxh2 23.Re4 Bxg3 24.Rxg4 Be1 25.Rxg6 Kb7 26.Rg1 Bxd2 27.Kb3 Be3
28.Rd1 Rd2 29.Re1 Bf2 30.Re5 Bg3 31.Rf5 Rf2 32.Rh5 Bf4 33.Rh1 Rd2 34.Rf1 Bd6
35.Rf5 Kb6 36.Rh5 c5 37.dxc5+ Bxc5 38.a4 Be3 39.Re5 Bf4 40.Rf5 Rf2 41.Kc4 Be3
42.Rb5+ Kc6 43.b4 a6 44.Re5 Rf3 45.b5+ axb5+ 46.Rxb5 Bb6 47.Rb1 Ba5 48.Rc1
Rf4+ 49.Kb3 Kc5 50.Rh1 c6 51.Rh5+ Kb6 52.Rh3 Rf5 53.Rg3 Re5 54.Rh3 Rc5 55.Rg3
Ka6 56.Rh3 Bc7 57.Rf3 Ka5 58.Rh3 Be5 59.Rf3 Bd6 60.Rh3 Kb6 61.Rh7 Rg5 62.Rd7
Be5 63.Re7 Bd6 64.Re6 Rd5 65.Rh6 Be5 66.Rh5 Rc5 67.Rh3 Rd5 68.Rf3 Bc7 69.Rh3
Rg5 70.Rf3 Rg3 71.Rf5 Re3 72.Rf1 Be5 73.Rc1 Ka5 74.Rc2 Re4 75.Ra2 c5 76.Rg2
c4+ 77.Kc2 Kxa4 78.Kb2 Re3 79.Rc2 Rd3 0-1

[Event "Preferente Grupo I"]
[Site ""]
[Date "2011.02.26"]
[Round "4.52"]
[White "Solanas Godes Beatriz"]
[Black "Roman Gimeno Javier"]
[Result "1/2-1/2"]
[WhiteElo "1880"]
[BlackElo "1929"]

1.e4 d5 2.exd5 Nf6 3.Nc3 Nxd5 4.Bc4 c6 5.Qf3 e6 6.Nge2 Nd7 7.d4 Be7 8.O-O N7f6
9.a3 O-O 10.Bd3 Nxc3 11.bxc3 Qd5 12.Qxd5 cxd5 13.f3 Bd7 14.a4 Rfc8 15.Ba3 Bxa3
16.Rxa3 b6 17.Rb1 Rab8 18.Ba6 Rd8 19.Rb4 Ne8 20.Bd3 Nd6 21.Kf2 1/2-1/2

[Event "Preferente Grupo II"]
[Site ""]
[Date "2011.02.26"]
[Round "4.53"]
[White "Ansola Marquinez Alberto"]
[Black "De la Riva Fernandez Eduardo"]
[Result "1-0"]
[WhiteElo "2090"]
[BlackElo "1995"]

1.Nc3 d5 2.e4 d4 3.Nce2 e5 4.Ng3 c5 5.Bc4 Nc6 6.Nf3 Be6 7.Bxe6 fxe6 8.d3 Be7
9.h4 h6 10.h5 Bf6 11.Nd2 Nge7 12.a4 Nc8 13.Nc4 Nd6 14.Qg4 Qd7 15.Qg6+ Kd8 16.
f4 Nxc4 17.dxc4 Kc7 18.fxe5 Bxe5 19.O-O Raf8 20.Bd2 Qd6 21.Rxf8 Rxf8 22.Rf1
Rxf1+ 23.Nxf1 Qe7 24.b3 Qh4 25.Qf7+ Kb6 26.Qf3 Qf6 27.Qxf6 Bxf6 28.Nh2 Ne5 29.
Nf3 Kc6 30.Nxe5+ Bxe5 31.Kf2 a6 32.Ke2 b5 33.axb5+ axb5 34.Kd3 b4 35.Ke2 Kd6
36.Kf3 Ke7 37.Bf4 Bf6 38.e5 Bh4 39.g3 Bg5 40.Bxg5+ hxg5 41.Kg4 Kf8 42.Kxg5 Kf7
43.h6 Kg8 44.Kg6 1-0

[Event "Preferente Grupo II"]
[Site ""]
[Date "2011.02.26"]
[Round "4.54"]
[White "Correas Marcen Jose Maria"]
[Black "Garcia Asenjo Antonio"]
[Result "1-0"]
[WhiteElo "1972"]
[BlackElo "2017"]

1.Nf3 f5 2.d3 Nf6 3.Bg5 e6 4.Nbd2 Be7 5.e4 fxe4 6.dxe4 O-O 7.Bd3 Nc6 8.Qe2 Ng4
9.Bxe7 Qxe7 10.e5 Nb4 11.Be4 d5 12.exd6 cxd6 13.Bxh7+ Kxh7 14.Qe4+ Kg8 15.Qxb4
e5 16.Ne4 Rf4 17.O-O Qf7 18.Qxd6 Bf5 19.Neg5 Qf6 20.Qd5+ Kh8 21.Nf7+ Kh7 22.
N7xe5 Rd8 23.Nxg4 Bxg4 24.Qg5 Bxf3 25.Qxf6 Rxf6 26.gxf3 Rd2 27.Rac1 Rxf3 28.
Kg2 Rf6 29.Kg3 Rc6 30.f4 Rg6+ 31.Kf3 Rxh2 32.Rf2 Rgh6 33.Rcf1 R2h3+ 34.Kg4 g6
35.Rd2 R6h5 36.Rd3 Rxd3 37.cxd3 Rh2 38.Rb1 Rd2 39.f5 gxf5+ 40.Kxf5 Rxd3 41.Ke4
Rd2 42.Ke3 Rd7 43.Rg1 Kh6 44.Rg2 Kh5 45.Ke4 b5 46.Ke5 a5 47.Ke6 Rd1 48.Rc2 Kg4
49.Rc5 b4 50.Rxa5 Rb1 51.b3 Rf1 52.Ra4 Rf4 53.Kd5 1-0

[Event "Preferente Grupo II"]
[Site ""]
[Date "2011.02.26"]
[Round "4.55"]
[White "Argueso Pascual Jorge"]
[Black "Gimeno Garcia David"]
[Result "1/2-1/2"]
[WhiteElo "2000"]
[BlackElo "1946"]

1.d4 Nf6 2.c4 e5 3.dxe5 Ng4 4.Nf3 Nc6 5.Bf4 Bb4+ 6.Nc3 Qe7 7.e3 Ngxe5 8.Nxe5
Nxe5 9.Be2 Bxc3+ 10.bxc3 a5 11.Qd4 d6 12.c5 O-O 13.cxd6 cxd6 14.Rd1 Qc7 15.O-O
Be6 16.Qxd6 Qxd6 17.Rxd6 Ng6 18.Bg3 Bxa2 19.Bf3 a4 20.Bxb7 Ra7 21.Bd5 Bxd5 22.
Rxd5 a3 23.Ra1 Rc8 24.h3 h6 25.Rd2 Rxc3 26.Rda2 Ra6 27.Kf1 Ne7 28.Ke2 Nd5 29.
Kd2 Rb3 30.Kc2 Rc3+ 31.Kd2 Rb3 32.Kc2 1/2-1/2

[Event "Preferente Grupo II"]
[Site ""]
[Date "2011.02.26"]
[Round "4.56"]
[White "Labrador Postigo Francisco"]
[Black "Ruiz Gutierrez Manuel"]
[Result "0-1"]
[WhiteElo "1905"]
[BlackElo "1870"]

1.d4 Nf6 2.c4 c5 3.Nf3 cxd4 4.Nxd4 g6 5.g3 Bg7 6.Bg2 O-O 7.Nc3 Nc6 8.Nc2 d6 9.
O-O a6 10.Qd2 Be6 11.b3 Rc8 12.Rb1 Re8 13.Bb2 Qa5 14.Ne4 Qxd2 15.Nxd2 Rc7 16.
Ne3 Rec8 17.f4 Ng4 18.Nxg4 Bxg4 19.Bxg7 Kxg7 20.e3 Bf5 21.e4 Bd7 22.Rbe1 f6
23.e5 dxe5 24.Bxc6 Bxc6 25.fxe5 f5 26.Nf3 Bxf3 27.Rxf3 Rd7 28.g4 e6 29.gxf5
exf5 30.Kf2 Re8 31.b4 Rd2+ 32.Kg3 Rxa2 33.Rd3 Re7 34.Rd6 h5 35.c5 g5 36.Rb6
Rb2 37.Rd1 h4+ 38.Kh3 Re2 39.Rdd6 R7xe5 40.Rg6+ Kf7 41.Rxg5 R5e3+ 0-1

[Event "Preferente Grupo II"]
[Site ""]
[Date "2011.02.26"]
[Round "4.57"]
[White "Hinojar Basa Alfonso"]
[Black "Bach Guillamon Francisco"]
[Result "1-0"]
[WhiteElo "2200"]
[BlackElo "2021"]

1.e4 c6 2.d4 d5 3.Nc3 dxe4 4.Nxe4 Bf5 5.Ng3 Bg6 6.Nf3 Nd7 7.h4 h6 8.h5 Bh7 9.
Bd3 Ngf6 10.Bxh7 Nxh7 11.Bf4 Nhf6 12.Qe2 e6 13.O-O-O Qa5 14.Kb1 Be7 15.Ne5 O-O
16.Bd2 Qb6 17.Rhe1 Ba3 18.Nc4 1-0

[Event "Preferente Grupo II"]
[Site ""]
[Date "2011.02.26"]
[Round "4.58"]
[White "Munoz Suarez Luis Alberto"]
[Black "Jario Garcia Ricardo Javier"]
[Result "1/2-1/2"]
[WhiteElo "1967"]
[BlackElo "2130"]

1.e4 e6 2.d4 d5 3.e5 c5 4.c3 Nc6 5.Nf3 Qb6 6.Bd3 Nh6 7.dxc5 Bxc5 8.O-O Ng4 9.
Qe2 f6 10.exf6 Nxf6 11.Bf4 O-O 12.b4 Be7 13.Ne5 Nxe5 14.Bxe5 Bd6 15.Bxd6 Qxd6
16.f4 d4 17.Qe5 Rd8 18.Qxd6 Rxd6 19.c4 a5 20.b5 b6 21.Nd2 Bb7 22.h3 Re8 23.c5
bxc5 24.Nc4 Rd7 25.Nxa5 Be4 26.Bc4 Nd5 27.a4 Ne3 28.Rf2 Ra8 29.Bxe6+ Rf7 30.
Nc6 Kf8 31.Bxf7 Kxf7 32.Ne5+ Ke6 33.a5 g5 34.g3 gxf4 35.gxf4 c4 36.a6 c3 37.
Rff1 Rg8+ 38.Ng4 h5 39.f5+ Nxf5 40.Rf4 Bd5 41.b6 hxg4 42.hxg4 Ne3 43.Rxd4 Nc2
44.Rxd5 Kxd5 45.Rc1 Nd4 46.a7 Kc6 47.Rxc3+ Kxb6 48.Ra3 Kb7 49.a8=Q+ Rxa8 50.
Rxa8 1/2-1/2

[Event "Preferente Grupo II"]
[Site ""]
[Date "2011.02.26"]
[Round "4.59"]
[White "Portero Garnica Miguel Angel"]
[Black "Martin Diaz Eduardo"]
[Result "1-0"]
[WhiteElo "2112"]
[BlackElo "1936"]

1.e4 e5 2.Nf3 Nf6 3.Nc3 Nc6 4.d4 exd4 5.Nxd4 Bb4 6.Nxc6 Bxc3+ 7.bxc3 bxc6 8.
Bd3 d6 9.O-O O-O 10.Bg5 h6 11.Bh4 g5 12.Bg3 Ng4 13.h3 Ne5 14.f4 Nxd3 15.cxd3
f6 16.h4 g4 17.f5 h5 18.Qd2 Kh7 19.d4 Ba6 20.Rf2 Bc4 21.Qf4 Rc8 22.Re1 Bf7 23.
a3 Re8 24.Qc1 Qd7 25.e5 dxe5 26.dxe5 fxe5 27.Bxe5 Qe7 28.Qg5 Qf8 29.Qf6 g3 30.
Rf3 1-0

[Event "Preferente Grupo II"]
[Site ""]
[Date "2011.02.26"]
[Round "4.60"]
[White "Lopez Capape Armando"]
[Black "Sancho Cortes Miguel Angel"]
[Result "1/2-1/2"]
[WhiteElo "1909"]
[BlackElo "2092"]

1.d4 d6 2.Nf3 f5 3.g3 Nf6 4.Bg2 g6 5.O-O Bg7 6.c3 c6 7.Qb3 Qb6 8.Nbd2 Qxb3 9.
Nxb3 O-O 10.Bg5 Na6 11.Rfe1 Nc7 12.Bxf6 Bxf6 13.e4 fxe4 14.Rxe4 Bf5 15.Ree1 a5
16.a4 Nd5 17.Nfd2 Nb6 18.Be4 Bd7 19.Bd3 Rfe8 20.Nc4 Nxc4 21.Bxc4+ Kg7 22.Be6
Bxe6 23.Rxe6 Reb8 24.Re2 b5 25.axb5 Rxb5 26.Nc1 c5 27.dxc5 Rxc5 28.Nd3 Rb5 29.
Nf4 Kf7 30.Ra2 Rab8 31.Rc2 Bg5 32.Ne2 d5 33.Nd4 Rc5 34.Nf3 Bf6 35.Re2 Rb3 36.
h4 Rc6 37.Rd2 Rc4 38.Kg2 h6 39.Nd4 Bxd4 40.Rxd4 Rxd4 41.cxd4 Rb4 42.f4 h5 43.
b3 Kf6 44.Ra3 e6 45.Kf2 Kf5 46.Kf3 Rb6 47.Ke3 Kg4 48.Kf2 Rb4 49.Rxa5 Rxb3 50.
Ra6 Rf3+ 51.Ke2 Kxg3 52.Rxe6 Rxf4 53.Rxg6+ Rg4 54.Rh6 Rxh4 55.Ke3 Re4+ 56.Kd3
h4 57.Rh5 h3 58.Rxd5 Re1 59.Rh5 h2 60.d5 h1=Q 61.Rxh1 Rxh1 62.Ke4 Kg4 63.Ke5
Re1+ 64.Kf6 Rd1 65.Ke6 Re1+ 66.Kf6 Rd1 67.Ke6 Rxd5 1/2-1/2

[Event "Preferente Grupo II"]
[Site ""]
[Date "2011.02.26"]
[Round "4.61"]
[White "Garcia Lopez Alberto J"]
[Black "Salamero Pelay Fernando"]
[Result "1/2-1/2"]
[WhiteElo "1977"]
[BlackElo "2130"]

1.Nf3 Nf6 2.b3 d5 3.Bb2 Bf5 4.g3 e6 5.Bg2 h6 6.d3 Be7 7.O-O O-O 8.c4 c5 9.Nbd2
Nc6 10.Ne5 Nxe5 11.Bxe5 Qd7 12.e4 Bg4 13.Qc2 d4 14.Bxf6 Bxf6 15.f4 Bd8 16.h3
Bh5 17.g4 Bg6 18.f5 Bh7 19.Nf3 Bc7 20.Qd2 f6 21.h4 Qd6 22.g5 fxg5 23.e5 Qe7
24.hxg5 Rxf5 25.Bh3 Raf8 26.Bxf5 Rxf5 27.gxh6 Bxe5 28.Nxe5 Rg5+ 29.Kh2 Rxe5
30.Rf3 Qh4+ 31.Rh3 Qg4 32.Re1 Bf5 33.Rg3 Qh4+ 34.Kg2 Bh3+ 35.Rxh3 Qxe1 36.Qxe1
Rxe1 37.Rg3 g6 38.Kf2 Re3 39.Rxg6+ Kh7 40.Rg3 Rxg3 41.Kxg3 Kxh6 42.Kf4 a5 43.
a3 Kg6 44.Ke5 Kg5 45.b4 axb4 46.axb4 b6 47.bxc5 bxc5 48.Kxe6 1/2-1/2

[Event "Preferente Grupo II"]
[Site ""]
[Date "2011.02.26"]
[Round "4.62"]
[White "Gella Bitrian Diego"]
[Black "Lucea Valero Alejandro"]
[Result "1/2-1/2"]
[WhiteElo "1973"]
[BlackElo "1953"]

1.e4 d5 2.exd5 Qxd5 3.Nc3 Qa5 4.Bc4 Nf6 5.d3 c6 6.Bd2 Qc7 7.Qe2 Bg4 8.f3 Bf5
9.O-O-O b5 10.Bb3 a5 11.a4 b4 12.Ne4 Bxe4 13.dxe4 e6 14.g4 Na6 15.Bc4 Nc5 16.
b3 Nfd7 17.Nh3 Qe5 18.Kb1 Nb6 19.Nf2 Nbxa4 20.bxa4 Nxa4 21.Nd3 Qd4 22.Bb3 Nc3+
23.Bxc3 bxc3 24.Nb2 Qa7 25.Na4 Bb4 26.Qc4 O-O 27.Qxc6 Rab8 28.Rd7 Qf2 29.e5
Rfc8 30.Qe4 Bf8 31.Rb7 Rxb7 32.Qxb7 Rd8 33.Nxc3 Qc5 34.Rd1 Rc8 35.Na4 Qc7 36.
Qxc7 Rxc7 37.Rd8 g6 38.Nb6 Kg7 39.Nd7 Be7 40.Ra8 Rxd7 41.Rxa5 Bb4 42.Rb5 Bc3
43.Bc4 Ra7 44.Ba2 Rd7 45.Bc4 Ra7 46.Ba2 Rd7 1/2-1/2

[Event "Preferente Grupo II"]
[Site ""]
[Date "2011.02.26"]
[Round "4.63"]
[White "Buil Montanes Carlos"]
[Black "Bellosta Lopez Pablo"]
[Result "0-1"]
[WhiteElo "1903"]
[BlackElo "1948"]

1.d4 d5 2.Nf3 c6 3.c4 e6 4.Nc3 Nf6 5.Bg5 dxc4 6.e4 b5 7.e5 h6 8.Bh4 g5 9.Nxg5
hxg5 10.Bxg5 Nbd7 11.Bxf6 Nxf6 12.exf6 Qxf6 13.g3 Bb7 14.Bg2 O-O-O 15.Qf3 Qxf3
16.Bxf3 Rxd4 17.Rd1 Rxd1+ 18.Kxd1 Bg7 19.Kc2 Bd4 20.Nd1 c5 21.Bxb7+ Kxb7 22.h4
Kc6 23.Re1 Rh5 24.Re2 Rf5 25.f4 Rh5 26.Rh2 Kd5 27.Nc3+ Bxc3 28.bxc3 Ke4 29.Rd2
Rd5 30.Rxd5 exd5 31.h5 Kf5 32.g4+ Kf6 33.g5+ Kg7 34.h6+ Kh7 35.a3 a5 36.Kd2 b4
37.cxb4 cxb4 38.a4 f6 39.Kc2 fxg5 40.fxg5 d4 41.Kd2 b3 0-1

[Event "Preferente Grupo II"]
[Site ""]
[Date "2011.02.26"]
[Round "4.64"]
[White "Biarge Carnicer Arturo"]
[Black "Minguez Guinda Andres"]
[Result "0-1"]
[WhiteElo "1911"]
[BlackElo "1896"]

1.e4 e5 2.Bc4 Nf6 3.d3 Bc5 4.Nc3 Nc6 5.f4 d6 6.f5 Na5 7.Bb3 Nxb3 8.axb3 c6 9.
Na4 Bxg1 10.Rxg1 d5 11.Qf3 dxe4 12.dxe4 Qd4 13.Be3 Qxe4 14.Qxe4 Nxe4 15.Nb6
Rb8 16.Nxc8 Rxc8 17.Rxa7 b5 18.Ke2 O-O 19.Rd1 h5 20.Rdd7 Ra8 21.Rdc7 Rxa7 22.
Bxa7 Ra8 23.Kf3 Nf6 24.Bc5 e4+ 25.Ke2 Ra6 26.Rc8+ Kh7 27.Rc7 Kg8 28.b4 Ra2 29.
Bd4 Nd5 30.Rxc6 f6 31.Rc5 Nxb4 32.Ke3 Ra1 33.Kxe4 Re1+ 34.Kf3 Rd1 35.Bf2 Rd2
36.Be1 Rd5 37.c3 Rd1 38.Ke2 Rxe1+ 39.Kd2 Rb1 40.cxb4 Rxb2+ 41.Kc3 Rxg2 42.Rxb5
Rxh2 43.Kd4 Rg2 44.Ra5 Rg4+ 45.Kc5 Rg5 46.Kd6 h4 47.Ke6 Rg1 48.Ra4 Rb1 49.b5
Rxb5 50.Rxh4 Re5+ 51.Kd6 Rxf5 0-1

[Event "Preferente Grupo II"]
[Site ""]
[Date "2011.02.26"]
[Round "4.65"]
[White "Martinez Asensio Juan M"]
[Black "Gimeno Oteo Marco Antonio"]
[Result "1-0"]
[WhiteElo "2144"]
[BlackElo "2152"]

1.c4 Nf6 2.g3 g6 3.Bg2 Bg7 4.Nc3 O-O 5.d3 e5 6.e4 d6 7.Nge2 Nbd7 8.O-O Kh8 9.
f4 exf4 10.gxf4 Nh5 11.d4 c5 12.Be3 Nhf6 13.Kh1 Ng4 14.Bg1 f5 15.dxc5 fxe4 16.
Nxe4 dxc5 17.Ng5 Qe8 18.Qd2 h6 19.Ne4 Nb6 20.Nd6 Qe7 21.Rad1 Be6 22.b3 Rad8
23.h3 Nf6 24.Bxc5 Nc8 25.Qb4 b6 26.Nxc8 Qxc5 27.Qxc5 bxc5 28.Nxa7 Nh5 29.Nb5
Rxd1 30.Rxd1 Nxf4 31.Nxf4 Rxf4 32.a4 Bf5 33.a5 Be4 34.a6 Bd4 35.a7 Bxg2+ 36.
Kxg2 Rf2+ 37.Kg3 Ra2 38.Rxd4 cxd4 39.c5 d3 40.Kf3 Kg7 41.c6 1-0

[Event "Preferente Grupo II"]
[Site ""]
[Date "2011.02.26"]
[Round "4.67"]
[White "Larrosa Poves Jose Manuel"]
[Black "Gutierrez Minguenza Ruben"]
[Result "0-1"]
[WhiteElo "2067"]
[BlackElo "2112"]

1.d4 Nf6 2.c4 e6 3.g3 d5 4.Bg2 Be7 5.Nf3 O-O 6.O-O b6 7.cxd5 exd5 8.Nc3 Bb7 9.
Bf4 c6 10.Rc1 Nbd7 11.a3 Re8 12.b4 b5 13.Nd2 Nb6 14.e4 Nc4 15.Nxc4 bxc4 16.e5
Nd7 17.Qg4 Nf8 18.Qe2 a5 19.Rb1 axb4 20.axb4 Ra3 21.Qc2 Qa8 22.Bc1 Ra7 23.Be3
g6 24.f4 f5 25.b5 Rd8 26.bxc6 Bxc6 27.Bf3 Ne6 28.g4 Ng7 29.Rb6 Qc8 30.Qg2 Ra5
31.Rfb1 Qa8 32.Qb2 Ba3 33.Qg2 Be8 34.h4 Bf7 35.h5 Qc8 36.h6 fxg4 37.Bxg4 Nf5
0-1

[Event "Preferente Grupo II"]
[Site ""]
[Date "2011.02.26"]
[Round "4.68"]
[White "Palomar Ramon Santiago"]
[Black "Tirapo Larcuen Ana"]
[Result "1-0"]
[WhiteElo "2041"]
[BlackElo "1942"]

1.e4 c5 2.Nf3 e6 3.d4 cxd4 4.Nxd4 Nf6 5.Nc3 d6 6.Bc4 Be7 7.Be3 Nc6 8.Bb3 Na5
9.f4 Nxb3 10.axb3 a6 11.O-O h5 12.Kh1 Bd7 13.Rf3 Ng4 14.Bg1 e5 15.Nf5 Bxf5 16.
exf5 O-O 17.Nd5 Nf6 18.Bb6 Qd7 19.fxe5 Nxd5 20.Qxd5 Qc6 21.Qxc6 bxc6 22.f6
gxf6 23.exf6 Bd8 24.Bd4 c5 25.Bc3 Kh7 26.Re1 Bb6 27.Re7 Kg6 28.h4 Rae8 29.Rg3+
1-0

[Event "Preferente Grupo II"]
[Site ""]
[Date "2011.02.26"]
[Round "4.69"]
[White "Cifuentes Parada Roberto"]
[Black "Fandino Roquelina"]
[Result "1-0"]
[WhiteElo "2508"]
[BlackElo "2148"]

1.d4 d5 2.c4 c6 3.Nf3 Nf6 4.e3 a6 5.Nbd2 g6 6.b3 Bg7 7.Bb2 O-O 8.Bd3 b5 9.O-O
Bg4 10.Qc2 Nbd7 11.Rac1 Re8 12.h3 Bxf3 13.Nxf3 e6 14.cxd5 cxd5 15.a4 b4 16.Qc6
a5 17.Ne5 Rc8 18.Qb7 Rb8 19.Qc7 Rf8 20.Qxd8 Rbxd8 21.Nc6 Ra8 22.Rc2 Rfe8 23.
Bb5 Bf8 24.f3 Rec8 25.Rfc1 Nb6 26.Kf2 Bd6 27.Ke2 Kf8 28.Nxa5 Rxc2+ 29.Rxc2
Rxa5 30.Rc6 Nxa4 31.bxa4 Ke7 32.Kd3 Nd7 33.Kc2 Ra7 34.Kb3 Nb8 35.Rc8 Na6 36.e4
Nb8 37.e5 1-0

[Event "Preferente Grupo II"]
[Site ""]
[Date "2011.02.26"]
[Round "4.70"]
[White "Rodriguez Leiva Manuel"]
[Black "Horton Justin"]
[Result "0-1"]
[WhiteElo "2109"]
[BlackElo "2112"]

1.c4 e6 2.Nc3 d5 3.d4 c6 4.Nf3 Nf6 5.cxd5 exd5 6.g3 Bf5 7.Bg2 Bd6 8.O-O O-O 9.
Re1 Nbd7 10.Nh4 Bg4 11.Qd3 Bh5 12.e4 dxe4 13.Nxe4 Nxe4 14.Bxe4 Nf6 15.Bg5 h6
16.Bxf6 Qxf6 17.Re3 Rfd8 18.Qc4 Bf4 19.d5 Bxe3 20.fxe3 cxd5 21.Bxd5 Qg5 22.e4
Qe3+ 23.Kg2 Rac8 24.Qb3 Qe2+ 25.Kh3 Bg4# 0-1

[Event "Preferente Grupo II"]
[Site ""]
[Date "2011.02.26"]
[Round "4.71"]
[White "Abos Rosico Antonio"]
[Black "Buil Rello Jose Antonio"]
[Result "1/2-1/2"]
[WhiteElo "2073"]
[BlackElo "1955"]

1.e4 c5 2.Nf3 e6 3.d4 Qc7 4.Nc3 a6 5.d5 e5 6.a4 d6 7.g3 g6 8.Bg2 Bg7 9.O-O Nf6
10.Ng5 h6 11.Nh3 O-O 12.f4 Bxh3 13.Bxh3 exf4 14.gxf4 Qe7 15.Qf3 Nbd7 16.Bd2
Nh7 17.Rae1 Rae8 18.Qg3 Kh8 19.Bg2 b6 20.Qd3 Nb8 21.Kh1 Qc7 22.e5 Nd7 23.e6
Nb8 24.f5 g5 25.Ne4 f6 26.Qg3 Rd8 27.Nxg5 hxg5 28.e7 Nd7 29.exd8=Q Rxd8 30.h4
gxh4 31.Qxh4 Ne5 32.Re3 Qf7 33.Rh3 Bf8 34.Bf4 Be7 35.Bxe5 dxe5 36.c4 Rg8 37.
Bf3 Qg7 38.Qh6 Qxh6 39.Rxh6 Rg5 40.Rf2 Kg7 41.Rfh2 Nf8 42.R6h5 Rxh5 43.Bxh5
Nh7 44.Bg6 Ng5 45.b3 a5 46.Kg2 Bd6 47.Kf2 Ne4+ 48.Ke3 Ng5 49.Rh1 Kg8 50.Be8
Kg7 51.Rh5 Be7 52.Bd7 Bd6 53.Be6 Nh7 54.Bf7 Ng5 55.Bg6 Kg8 56.Be8 Kg7 57.Bc6
Nh7 58.Kf3 Ng5+ 59.Kg4 Nh7 60.Be8 Ng5 61.Rxg5+ fxg5 62.Kxg5 Be7+ 63.f6+ Bxf6+
64.Kf5 e4 65.Kxe4 Kf8 66.Kf5 Bd8 67.Bh5 Ke7 68.Ke5 Bc7+ 69.Kf5 1/2-1/2

[Event "Preferente Grupo II"]
[Site ""]
[Date "2011.02.26"]
[Round "4.72"]
[White "Salas Latorre Jose"]
[Black "Perez Puyal Jose J"]
[Result "0-1"]
[WhiteElo "1745"]
[BlackElo "1961"]

1.d4 d5 2.Bg5 Nd7 3.Nf3 Ngf6 4.e3 Ne4 5.Bf4 e6 6.Bd3 Bd6 7.Bxd6 Nxd6 8.Nbd2 c5
9.c3 Qb6 10.Rb1 c4 11.Bc2 Qa5 12.a3 Nf6 13.Ne5 Qc7 14.O-O Bd7 15.Re1 O-O 16.f3
b5 17.Nxd7 Nxd7 18.e4 dxe4 19.fxe4 e5 20.Nf3 Rfe8 21.Qd2 Rad8 22.Rbd1 Qb6 23.
Kh1 f6 24.Re2 Nf7 25.Qe1 Nf8 26.Qg3 Ng6 27.Red2 a5 28.Nh4 Nxh4 29.Qxh4 Qc7 30.
Qg3 Qe7 31.Re2 Nh8 32.Qg4 Ng6 33.Re3 Qe6 34.Qxe6+ Rxe6 35.d5 Rb6 36.g3 Ne7 37.
Kg2 Nc8 38.Kf3 Nd6 39.Rb1 Rdb8 40.Bd1 b4 41.axb4 axb4 42.cxb4 Rxb4 43.b3 Nb5
44.Kg2 Nd4 45.Rc1 cxb3 46.Rb1 b2 47.Rd3 Rc8 48.Ra3 Rc1 49.Ra8+ Kf7 50.Bh5+ g6
51.Ra7+ Kg8 52.d6 Rxb1 53.d7 Rb8 54.Rb7 Rd8 55.Bg4 h5 56.Bh3 g5 57.Bf5 Nxf5
58.exf5 Kf7 0-1

[Event "Division Honor Grupo I"]
[Site ""]
[Date "2011.03.05"]
[Round "5.1"]
[White "Llorente Zaro Alfonso"]
[Black "Garza Marco Sergio"]
[Result "1/2-1/2"]
[WhiteElo "2450"]
[BlackElo "2436"]

1.d4 Nf6 2.Bg5 e6 3.c3 h6 4.Bh4 c5 5.e3 Be7 6.Nd2 b6 7.Bd3 O-O 8.Ngf3 Bb7 9.
O-O cxd4 10.Bxf6 Bxf6 11.cxd4 Nc6 12.a3 d6 13.Qe2 a6 14.Rac1 b5 15.Rc2 g6 16.
Rfc1 Qd7 17.b4 Rac8 18.Nb3 Bg7 19.e4 Ne7 1/2-1/2

[Event "Division Honor Grupo I"]
[Site ""]
[Date "2011.03.05"]
[Round "5.3"]
[White "Mimbela Lopez Miguel Angel"]
[Black "Ramiro Ovejero Juan Luis"]
[Result "1/2-1/2"]
[WhiteElo "2168"]
[BlackElo "2365"]

1.d4 Nf6 2.c4 c5 3.d5 e5 4.Nc3 d6 5.e4 Be7 6.Be2 Nbd7 7.Nf3 Nf8 8.Bg5 Ng6 9.
Qd2 h6 10.Bxf6 Bxf6 11.g3 a6 12.h4 Bd7 13.Nh2 Qc8 14.Qd1 Bd8 15.Bg4 Ba5 16.
Bxd7+ Qxd7 17.a4 O-O 18.Qg4 Qxg4 19.Nxg4 1/2-1/2

[Event "Division Honor Grupo I"]
[Site ""]
[Date "2011.03.05"]
[Round "5.4"]
[White "Maza Broto Pablo"]
[Black "Barros Gutierrez Angel Luis"]
[Result "1/2-1/2"]
[WhiteElo "2075"]
[BlackElo "2155"]

1.d4 f5 2.Nf3 Nf6 3.c4 e6 4.Bg5 d5 5.Nc3 c6 6.e3 Be7 7.Qc2 O-O 8.Be2 Ne4 9.
Bxe7 Qxe7 10.Ne5 Nd7 11.O-O Nxe5 12.dxe5 Bd7 13.f4 Nxc3 14.Qxc3 c5 15.Bf3 Bc6
16.Kh1 Rad8 1/2-1/2

[Event "Division Honor Grupo I"]
[Site ""]
[Date "2011.03.05"]
[Round "5.5"]
[White "Del Rey Diego"]
[Black "Villuendas Valero Adrian"]
[Result "1/2-1/2"]
[WhiteElo "2374"]
[BlackElo "2266"]

1.d4 d5 2.c4 dxc4 3.Nf3 Nf6 4.e3 Be6 5.Nc3 h6 6.Ne5 c5 7.Qa4+ Nbd7 8.dxc5 Qc7
9.Nxc4 Qxc5 10.e4 Bxc4 11.Bxc4 e6 12.O-O Qb4 13.Be3 Qxa4 14.Nxa4 a6 15.Be2 Bd6
16.Rfd1 Ke7 17.f3 Rhc8 18.Rac1 b5 19.Nb6 Nxb6 20.Bxb6 Bf4 21.Rxc8 Rxc8 22.Bd4
Rc2 23.Bd3 Rc6 24.a4 bxa4 25.Ra1 Rd6 26.Bc5 Be3+ 27.Bxe3 Rxd3 28.Bc5+ Ke8 29.
Rc1 Kd7 30.Ba3 Rd4 31.h4 Nh5 32.Rc5 Nf4 33.Ra5 Rd2 34.Rxa6 Nxg2 35.h5 Ne1 36.
Ra7+ Ke8 37.Re7+ Kf8 38.Rxe6+ Kg8 39.Re8+ Kh7 40.f4 Nf3+ 41.Kf1 Nh2+ 1/2-1/2

[Event "Division Honor Grupo I"]
[Site ""]
[Date "2011.03.05"]
[Round "5.6"]
[White "Valiente Roy Jose Javier"]
[Black "Chueca Forcen Alberto"]
[Result "0-1"]
[WhiteElo "2092"]
[BlackElo "2295"]

1.Nf3 d5 2.c4 dxc4 3.Na3 a6 4.Nxc4 b5 5.Ne3 Bb7 6.g3 c5 7.Bg2 e6 8.O-O Nf6 9.
b3 Be7 10.Bb2 Nbd7 11.Rc1 O-O 12.d4 Qb6 13.Ne1 Rfd8 14.Bxb7 Qxb7 15.Qc2 Rac8
16.Qb1 Ne4 17.Nf3 Ng5 18.Nxg5 Bxg5 19.f4 Bf6 20.Rfd1 cxd4 21.Rxc8 Qxc8 22.Bxd4
Bxd4 23.Rxd4 Nf6 24.Qd1 Rxd4 25.Qxd4 {Ofrecen tablas} 25...h5 26.h4 Qc1+ 27.
Kg2 Qc6+ 28.Kh2 Ne4 29.Qd8+ Kh7 30.Qd3 g6 31.Nd1 Nf6 32.Nf2 Qc1 33.Kg2 Nd5 34.
Ne4 Ne3+ 35.Kf3 Nf5 36.Ng5+ Kg7 37.Kg2 Ne3+ 38.Kf2 Ng4+ 39.Kg2 Qe1 40.Qd4+ e5
41.Qa7 Qxe2+ 42.Kg1 Qe1+ 43.Kg2 Qe2+ 44.Kg1 Qh2+ 45.Kf1 Qh1+ 46.Ke2 Qg2+ 47.
Kd1 Qd5+ 48.Ke2 e4 49.a4 bxa4 50.bxa4 a5 51.Ke1 e3 52.Ke2 Qc4+ 53.Kf3 e2 54.
Qb6 e1=N# 0-1

[Event "Division Honor Grupo I"]
[Site ""]
[Date "2011.03.05"]
[Round "5.7"]
[White "Melendez Fierro Juan Bautista"]
[Black "Cantin Zaborras Valentin"]
[Result "1/2-1/2"]
[WhiteElo "2224"]
[BlackElo "2085"]

1.e4 e5 2.Nf3 Nc6 3.Bb5 a6 4.Bxc6 dxc6 5.O-O f6 6.d4 exd4 7.Nxd4 c5 8.Nb3 Qxd1
9.Rxd1 Bd7 10.Bf4 O-O-O 11.Nc3 Bc6 12.Rxd8+ Kxd8 13.Rd1+ Kc8 14.Nd5 Bxd5 15.
Rxd5 b6 16.Nc1 Ne7 17.Rd2 Ng6 18.Bg3 Be7 19.Ne2 Rd8 20.Rxd8+ Bxd8 21.Nf4 Nxf4
22.Bxf4 c4 23.h4 Kd7 24.g4 b5 25.h5 b4 26.Bd2 a5 27.f4 c5 28.Kf2 a4 29.Kf3 Be7
30.Ke2 Kc6 31.Bc1 Kb5 32.Be3 b3 33.cxb3 cxb3 34.axb3 axb3 35.Bd2 c4 36.Bc3 Kc5
37.Kd2 Bd8 38.Ke3 Be7 39.Kd2 Bd8 40.Ke3 1/2-1/2

[Event "Division Honor Grupo I"]
[Site ""]
[Date "2011.03.05"]
[Round "5.8"]
[White "Pueyo Marina Gerardo"]
[Black "Hernando Garcia Antonio"]
[Result "0-1"]
[WhiteElo "1903"]
[BlackElo "2215"]

1.d4 d5 2.Nf3 Nf6 3.c4 e6 4.g3 Be7 5.Bg2 O-O 6.O-O b6 7.Qc2 Bb7 8.Nc3 Nbd7 9.
cxd5 exd5 10.Bf4 c6 11.Rfd1 Re8 12.h4 Nf8 13.Ne5 Ng6 14.e3 Nxf4 15.exf4 Qd6
16.Rac1 Nd7 17.Ne2 Nxe5 18.dxe5 Qb8 19.Nd4 c5 20.Nf5 d4 21.Nxe7+ Rxe7 22.b4
Bxg2 23.Kxg2 Qb7+ 24.f3 cxb4 25.Rxd4 a5 26.Qf5 Re6 27.Rcd1 g6 28.Qg5 Qe7 29.
Qh6 Qf8 30.Qg5 Qe7 31.Qh6 Qf8 32.Qg5 h6 33.Qg4 Qg7 34.Rd6 Rae8 35.f5 gxf5 36.
Qxf5 Rxe5 37.Qf4 Re2+ 38.Kh3 R2e6 39.R6d4 Qf6 40.Qc1 Qxf3 41.Rg4+ Kf8 42.Rf1
Qe3 43.Qc7 R6e7 44.Qd6 Qe6 45.Qd4 Rd7 46.Qg7+ Ke7 47.Rf2 h5 0-1

[Event "Division Honor Grupo I"]
[Site ""]
[Date "2011.03.05"]
[Round "5.9"]
[White "Van Ojik Mark"]
[Black "Baron Rodriguez Jesus"]
[Result "1/2-1/2"]
[WhiteElo "2284"]
[BlackElo "2447"]

1.e4 e5 2.Nf3 Nc6 3.Bb5 a6 4.Ba4 Nf6 5.d3 d6 6.h3 g6 7.Nc3 Bg7 8.Bg5 h6 9.Be3
O-O 10.Qd2 Kh7 11.O-O d5 12.Bxc6 bxc6 13.Bc5 Re8 14.Rfe1 Nd7 15.Ba3 f5 16.exd5
Bb7 17.d4 e4 18.Ne5 Nxe5 19.dxe5 Bxe5 20.Rad1 Qh4 21.Qe3 f4 22.Qc5 e3 23.Re2
cxd5 24.Nxd5 Rad8 25.Rd3 Bd6 26.Qc4 Bxd5 27.Rxd5 f3 28.Qxh4 fxe2 29.f4 Bxa3
30.Rxd8 Rxd8 31.bxa3 Rd1+ 32.Kh2 g5 33.Qh5 e1=Q 1/2-1/2